000 00415nam a2200181Ia 4500
001 11463
005 20260306162830.0
008 260306t2013||||xx |||||||||||||| ||spa||
041 _aESP
082 _a985.06
_bG23 2013
100 _aGarcía Calderón, Francisco
_eAUT
245 0 _aMemorias del cautiverio
260 _c2013
300 _a
_c
650 _aGEN
654 _aCHU
942 _cLIB
_dJUS
_fJUS
_2ddc
_n
999 _c11463
_d11463